000 00414nam a2200157Ia 4500
003 OSt
005 20230525111850.0
008 211028s2018 xx 000 0 und d
040 _cAIMIT LIBRARY
041 _aeng
100 _aArshad, Ibrahim K M; Srinivas, B L.
_98772
_e161915
110 _aSrinivas B L
_98773
245 _aAutomation of case categorization.
260 _aMangaluru
_c2018
942 _2ddc
_cPRO
999 _c220055
_d220055